Minecraft Mobs: Dolphin - Statistics

General Stats
  • This quiz has been taken 9 times
  • The average score is 7 of 9
Answer Stats
Question Answer % Correct
What is an adult dolphin's height in blocks? 0.6
100%
How many health points does a dolphin have? 10
100%
What is an adult dolphin's width in blocks? 0.9
88%
How many minutes can a dolphin survive out of water before it starts to suffocate? 2
88%
How many minutes can a dolphin survive under water before it starts to drown? 4
88%
What is one biome a dolphin can spawn in? Deep Lukewarm Ocean | Deep Ocean | Lukewarm Ocean | Ocean | Warm Ocean
88%
What is the minimum y-level a dolphin can spawn at? 50
63%
What effect do you get when you swim near a dolphin? Dolphin's Grace
63%
What is one item that a dolphin can be fed so that it leads the player to a nearby water structure? Raw Cod | Raw Salmon
63%
No matching quizzes found
Score Distribution
Percent of People with Each Score
Percentile by Number Answered
Your Score History
You have not taken this quiz